Sports Quiz

Random Sports or Baseball Quiz

2012 Indians 40-man Roster Quiz Stats

 Plays Quiz not verified by Sporcle

Challenge
Share
Tweet
Embed
Score 0/40 Timer 08:00
0 Plays Today
Number Player % Correct
13Asdrubal Cabrera
97.6%
48Travis Hafner
97.6%
23Michael Brantley
95.2%
22Jason Kipnis
95.2%
54Chris Perez
95.2%
7Matt LaPorta
92.9%
41Carlos Santana
92.9%
17Shin-Soo Choo
90.5%
63Justin Masterson
90.5%
30Ubaldo Jimenez
88.1%
35Casey Kotchman
85.7%
8Lonnie Chisenhall
83.3%
38Joe Smith
83.3%
9Jack Hannahan
81%
6Lou Marson
81%
52Vinnie Pestano
81%
58Jeanmar Gomez
76.2%
47Shelley Duncan
73.8%
49Tony Sipp
73.8%
43Josh Tomlin
71.4%
Number Player % Correct
33Johnny Damon
69%
16Jason Donald
69%
50Nick Hagadone
66.7%
4Jose Lopez
66.7%
26Derek Lowe
66.7%
34Zach McAllister
64.3%
32Esmil Rogers
60%
46Cord Phelps
57.1%
57Jeremy Accardo
52.4%
31David Huff
52.4%
12Ezequiel Carrera
50%
1Brent Lillibridge
43.8%
79Russ Canzler
42.9%
29Juan Diaz
40.5%
39Kevin Slowey
40.5%
77Corey Kluber
35.7%
51Scott Barnes
33.3%
67Danny Salazar
31%
**Vinny Rottino
29.4%
56Frank Herrmann
28.6%

You're not logged in!

Compare scores with friends on all Sporcle quizzes.
OR
Log In

You Might Also Like...

Show Comments

Extras

Top Quizzes Today


Score Distribution

Your Account Isn't Verified!

In order to create a playlist on Sporcle, you need to verify the email address you used during registration. Go to your Sporcle Settings to finish the process.

Report this User

Report this user for behavior that violates our Community Guidelines.

Details: